SU(1,2) invariance in two-dimensional oscillator; Journal of High Energy Physics; Vol. 2017, № 2

Dades bibliogràfiques
Parent link:Journal of High Energy Physics
Vol. 2017, № 2.— 2017.— [006, 12 p.]
Autor principal: Krivonos S. O. Sergey Olegovich
Autor corporatiu: Национальный исследовательский Томский политехнический университет (ТПУ) Физико-технический институт (ФТИ) Кафедра высшей математики и математической физики (ВММФ)
Altres autors: Nersessian A. P. Armen Petrosovich
Sumari:Title screen
Performing the Hamiltonian analysis we explicitly established the canonical equivalence of the deformed oscillator, constructed in arXiv:1607.03756, with the ordinary one. As an immediate consequence, we proved that the SU(1, 2) symmetry is the dynamical symmetry of the ordinary two-dimensional oscillator. The characteristic feature of this SU(1, 2) symmetry is a non-polynomial structure of its generators written in terms of the oscillator variables.
Idioma:anglès
Publicat: 2017
Matèries:
Accés en línia:https://doi.org/10.1007/JHEP02(2017)006
http://earchive.tpu.ru/handle/11683/38254
Format: MixedMaterials Electrònic Capítol de llibre
KOHA link:https://koha.lib.tpu.ru/cgi-bin/koha/opac-detail.pl?biblionumber=653970

MARC

LEADER 00000naa0a2200000 4500
001 653970
005 20250228152357.0
035 |a (RuTPU)RU\TPU\network\19485 
090 |a 653970 
100 |a 20170405d2017 k||y0rusy50 ba 
101 0 |a eng 
102 |a DE 
135 |a drcn ---uucaa 
181 0 |a i  
182 0 |a b 
200 1 |a SU(1,2) invariance in two-dimensional oscillator  |f S. O. Krivonos, A. P. Nersessian 
203 |a Text  |c electronic 
300 |a Title screen 
320 |a [References: 22 tit.] 
330 |a Performing the Hamiltonian analysis we explicitly established the canonical equivalence of the deformed oscillator, constructed in arXiv:1607.03756, with the ordinary one. As an immediate consequence, we proved that the SU(1, 2) symmetry is the dynamical symmetry of the ordinary two-dimensional oscillator. The characteristic feature of this SU(1, 2) symmetry is a non-polynomial structure of its generators written in terms of the oscillator variables. 
461 |t Journal of High Energy Physics 
463 |t Vol. 2017, № 2  |v [006, 12 p.]  |d 2017 
610 1 |a электронный ресурс 
610 1 |a труды учёных ТПУ 
610 1 |a симметрии 
610 1 |a пространственно-временная симметрия 
700 1 |a Krivonos  |b S. O.  |g Sergey Olegovich 
701 1 |a Nersessian  |b A. P.  |c physicist  |c Professor of Tomsk Polytechnic University  |f 1964-  |g Armen Petrosovich  |3 (RuTPU)RU\TPU\pers\34605 
712 0 2 |a Национальный исследовательский Томский политехнический университет (ТПУ)  |b Физико-технический институт (ФТИ)  |b Кафедра высшей математики и математической физики (ВММФ)  |3 (RuTPU)RU\TPU\col\18727 
801 2 |a RU  |b 63413507  |c 20171120  |g RCR 
856 4 |u https://doi.org/10.1007/JHEP02(2017)006 
856 4 |u http://earchive.tpu.ru/handle/11683/38254 
942 |c CF